000 00658nam a2200217Ia 4500
008 191130s2010##################000#0#eng##
020 _a9788175545441
040 _aACL
_cACL
082 _a338.47 CAL
100 _aCallingham, Martin
245 _aMarket intelligence : how and why organizations use market research
_cMartin Callingham
250 _a1st Indian ed
260 _aLondon
_bKogan Page
_c2010
300 _aviii, 223 p
500 _aIncludes bibliographical references and index
650 _aMarket research
650 _aProduction
990 _a94554206ac10000c59e4be678a36a6cb
991 _a205089
999 _c4001
_d4001